000
00316nam a22001337a 4500
008
170712b xxu||||| |||| 00| 0 eng d
020
_a
9780965036719
041
_a
eng
080
_2
2ND
_a
030
100
_a
23
101
_a
GJL
245
_a
THE ENCYCLOPEDIA OF WITCHES & WITCHCRAFT
_c
GUILEY, R.E
942
_2
udc
_c
BK
999
_c
20251
_d
20251